• 首页
  • 本馆介绍
  • 公告通知
  • 最新文献
  • 馆藏检索
  • 电子资源
  • 读者荐购
  • 参考咨询
  • CALIS
  • 我的图书馆
  • 登录
  • 详细信息显示
  • 放入我的书架
  • 预约/预借图书
  • 作者相关作品
  • 分类相关作品
  • 丛书相关作品
  • 出版社相关作品

书目信息

  • 表格格式
  • 工作单格式
  • 卡片格式
题名:
动漫人物电脑画法步骤详解
    
 
作者: 博奴 著 ;杨依群 译
分册:  
出版信息: 上海   上海人民美术出版社  2006.06
页数: 155页
开本: 24cm
丛书名:
单 册:
中图分类: J218.2
科图分类:
主题词: 漫画--man hua--人物画--技法 (美术)
电子资源:
ISBN: 7-5322-4744-9
 
 
 
 
 
000 00867nam0 2200229 450
001 012007798233
005 20071010152218.18
010    @a7-5322-4744-9@dCNY42.00
100    @a20070814d2006 km y0chiy0120 ea
101 1  @achi@cjpn
102    @aCN@b310000
105    @aa t 000yy
200 1  @a动漫人物电脑画法步骤详解@Adong man ren wu dian nao hua fa bu zhou xiang jie@f(日) 博奴著@F(ri)bo nu zhu@g杨依群译@Gyang yi qun yi
210    @a上海@c上海人民美术出版社@d2006.06
215    @a155页@c图@d24cm
330    @a本书给漫画爱好者对CG制作过程中有着这样和那样的疑问,做一个完整细致、全面彻底的解答。本书以分步骤画一个美少女的具体案例,阐明了使用电脑画日本动漫形象的基本要领。
606 0  @a漫画@Aman hua@x人物画@x技法 (美术)
690    @aJ218.2@v4
701  0 @a博奴@Abo nu@4著
702  0 @a杨依群@Ayang yi qun@4译
801  0 @aCN@c20071010
905    @dJ218.2@eB959
    
    动漫人物电脑画法步骤详解/(日) 博奴著/杨依群译.-上海:上海人民美术出版社,2006.06
    155页:图;24cm
    
    
    ISBN 7-5322-4744-9:CNY42.00
    本书给漫画爱好者对CG制作过程中有着这样和那样的疑问,做一个完整细致、全面彻底的解答。本书以分步骤画一个美少女的具体案例,阐明了使用电脑画日本动漫形象的基本要领。
●
相关链接 在E读中查询图书 在当当中查询图书 在豆瓣中查询图书


正题名:动漫人物电脑画法步骤详解     索取号:J218.2/B959         预约/预借

序号 登录号 条形码 馆藏地/架位号 状态 备注
1 252472   202524722   社科库309/309社科库 72排3列4层/ [索取号:J218.2/B959] 在馆    
河南城建学院图书馆 欢迎您!
大连网信软件有限公司© 版权所有